Sporcle's Top 50 TV Shows Quiz Stats

 Plays Quiz not verified by Sporcle

Challenge
Share
Tweet
Embed
Score 0/50 Timer 07:00
0 Plays Today
Times Mentioned Show % Correct
45Friends
75.5%
33Seinfeld
72.9%
36The Simpsons
70.4%
17Family Guy
64.6%
40Cheers
59.6%
24LOST
52.2%
22M*A*S*H
49.7%
34The Office (U.S.)
46.8%
21South Park
40.8%
14I Love Lucy
40.8%
24Frasier
38.5%
18The Sopranos
38.5%
24The Cosby Show
36.9%
20House M.D.
34.7%
18How I Met Your Mother
34.1%
23All in the Family
33.1%
1730 Rock
30.6%
25Happy Days
27.7%
19Grey's Anatomy
27.7%
12Star Trek
26.8%
22Buffy the Vampire Slayer
25.2%
18Arrested Development
24.2%
24Full House
22.9%
23Everybody Loves Raymond
22.9%
20The Brady Bunch
22.9%
Times Mentioned Show % Correct
14Two and a Half Men
22.6%
13Dexter
21.7%
19Scrubs
20.4%
13Desperate Housewives
20.4%
15Dallas
18.5%
16King of the Hill
17.8%
21Home Improvement
17.5%
16Family Ties
17.5%
14The West Wing
17.2%
13Sex and the City
17.2%
14Will & Grace
16.9%
13The Golden Girls
16.2%
18The Fresh Prince of Bel-Air
15.9%
23Roseanne
15.6%
16Family Matters
15.3%
16Saved by the Bell
11.5%
22Married... with Children
11.1%
21That 70's Show
10.5%
15Diff'rent Strokes
9.6%
15Leave it to Beaver
9.6%
13Growing Pains
9.6%
15Six Feet Under
9.2%
13Curb Your Enthusiasm
9.2%
17The Wonder Years
8.3%
14The Beverly Hillbillies
6.4%

You're not logged in!

Compare scores with friends on all Sporcle quizzes.
OR
Log In

You Might Also Like...

Show Comments

Extras

Top Quizzes Today


Score Distribution

Your Account Isn't Verified!

In order to create a playlist on Sporcle, you need to verify the email address you used during registration. Go to your Sporcle Settings to finish the process.

Report this User

Report this user for behavior that violates our Community Guidelines.

Details: